| 000 | 00751nam a2200229 i 4500 | ||
|---|---|---|---|
| 001 | 178127 | ||
| 003 | ES-MaACL | ||
| 005 | 20230906220501.0 | ||
| 007 | t| | ||
| 008 | 110519s1964 sp r ||||1| spa d | ||
| 080 | _a308(6) | ||
| 100 | 1 |
_aBühlmann, Walbert. _9146607 |
|
| 245 | 1 | 0 |
_aÁfrica _b: su pasado, su presente y su porvenir / _cWalbert Bühlmann ; [versión castellana de José Luis Albizu]. |
| 260 |
_aBarcelona : _bHerder, _c1964. |
||
| 300 |
_a196 p. ; _c18 cm. |
||
| 490 | 1 |
_aPequeña biblioteca Herder ; _v52 |
|
| 651 | 4 |
_aÁfrica- _xSituación social. _9146608 |
|
| 700 | 0 |
_aAlbizu, José Luis. _919396 |
|
| 830 | 0 |
_aPequeña biblioteca Herder ; _v52 _9190720 |
|
| 852 |
_aES-MaACL _jE-15150 _xOlim P-274 |
||
| 999 |
_c178127 _d178127 |
||